Thức ăn và dinh dưỡng thủy sản

Sách giới thiệu tổng quan về dinh dưỡng học, năng lượng thức ăn, sinh lý tiêu hóa động vật thủy sản,...

Sparad:
Bibliografiska uppgifter
Huvudupphovsman: Lê, Thanh Hùng
Materialtyp: Bok
Språk:Undetermined
Publicerad: Thành phố Hồ Chí Minh Nông nghiệp 2008
Ämnen:
Taggar: Lägg till en tagg
Inga taggar, Lägg till första taggen!
Thư viện lưu trữ: Trung tâm Học liệu Trường Đại học Cần Thơ
LEADER 00697nam a2200193Ia 4500
001 CTU_161217
008 210402s9999 xx 000 0 und d
082 |a 639.3 
082 |b H513 
100 |a Lê, Thanh Hùng 
245 0 |a Thức ăn và dinh dưỡng thủy sản 
245 0 |c Lê Thanh Hùng 
260 |a Thành phố Hồ Chí Minh 
260 |b Nông nghiệp 
260 |c 2008 
520 |a Sách giới thiệu tổng quan về dinh dưỡng học, năng lượng thức ăn, sinh lý tiêu hóa động vật thủy sản,... 
650 |a Fish culture 
904 |i Giang 
980 |a Trung tâm Học liệu Trường Đại học Cần Thơ